| 000 | 00589nam a2200181Ia 4500 | ||
|---|---|---|---|
| 001 | 5751 | ||
| 003 | GE_BSU | ||
| 008 | 181216s||||||||xx |||||||||||||| ||und|| | ||
| 040 | _cGE_BSU | ||
| 100 | _aЛяпин, Е.С.и Евсеев, А.Е; | ||
| 245 | _aАлгебра и теория чисел. ч.ll Линейная алгебра и полиномы. | ||
| 245 | _bУчеб пособие для студ физ- мат фак-тов пед ин-тов | ||
| 260 | _aМосква | ||
| 260 | _c1978 | ||
| 300 | _a446 с. | ||
| 653 | _aАлгебра и теория | ||
| 942 | _cBK | ||
| 999 |
_c39168 _d39168 |
||